| 000 | 00711nam a2200205 a 4500 | ||
|---|---|---|---|
| 005 | 20250227063821.0 | ||
| 008 | 040823s2001 mx r 000 0 spa d | ||
| 020 | _a9701874919 | ||
| 035 | _aUPN01000134358 | ||
| 049 | _aCG | ||
| 050 | 4 |
_aLB1029 C5.3 _bP7.4 |
|
| 245 | 0 | 0 |
_a1er diseño estatal : _btalleres de coaprendizaje para grupos multigrado : 2001-2002 / _ccomp. Jorge Bogart Ruiz Villa ... [et al.]. |
| 260 |
_aMéxico : _bConsejo Nacional de Fomento Educativo, _c2001. |
||
| 300 |
_a199 p. : _bil. |
||
| 650 | 4 |
_aGrupos multigrado _91555 |
|
| 650 | 4 |
_aCOMBINACION DE GRADOS _91554 |
|
| 650 | 4 |
_aAprendizaje en equipo (Educación) _913722 |
|
| 650 | 2 |
_aAprendizaje significativo _9450 |
|
| 905 | _aLibro | ||
| 999 |
_c106509 _d106509 |
||